000
00253nam a22001217a 4500
008
170629b xxu||||| |||| 00| 0 eng d
041
_a
eng
080
_a
82
100
_a
82
101
_a
GJL
245
_a
THE RENAISSANCE
_c
DURANT, W
942
_2
udc
_c
BK
999
_c
19618
_d
19618